Normal view
MARC view
- الدعوة الاسلامية
Entry Topical Term
001 - CONTROL NUMBER
- control field: 39274
003 - CONTROL NUMBER IDENTIFIER
- control field: JO-AjAnu
005 - DATE AND TIME OF LATEST TRANSACTION
- control field: 20230606080531.0
008 - FIXED-LENGTH DATA ELEMENTS
- fixed length control field: 230606|| aca||aabn | a|a d
040 ## - CATALOGING SOURCE
- Original cataloging agency: JO-AjAnu
- Transcribing agency: JO-AjAnu
150 ## - HEADING--TOPICAL TERM
- Topical term or geographic name entry element: الدعوة الاسلامية
670 ## - SOURCE DATA FOUND
- Source citation: Work cat.: (JO-AjAnu)20141: سرور، رفاعي, author 39273, قدر الدعوة: تحديد منهج الدعوة بتصور القدر والاسباب والسنن الثابتة